Loading...

Structuralism

Bibliografiske detaljer
Hovedforfatter: Sturrock ,John
Format: Printed Book
Sprog:English
Udgivet: Cambridge Blackwell 2003
Udgivelse:2
LEADER 00462nam a2200133Ia 4500
008 111205s9999 xx 000 0 eng d
082 |a 850.1 JOR/J 
100 |a Sturrock ,John 
245 |a Structuralism  |c Sturrock ,John 
250 |a 2 
260 |b Blackwell  |a Cambridge  |c 2003 
942 |c BK 
999 |c 226309  |d 226309 
952 |0 0  |1 0  |2 ddc  |4 0  |6 E_149_960000000000000_STU_S  |7 0  |9 249743  |a MAL  |b MAL  |c ST1  |d 1972-09-16  |g 0.00  |l 0  |o E 149.96 STU/S  |p MAL28350  |r 2011-12-05  |v 395.00  |w 2011-12-05  |y BK